Lomustine and n-propyl gallate co-encapsulated liposomes for targeting glioblastoma multiforme via intranasal route ex vivo permeability and in vitro cell line study /

Elmentve itt :
Bibliográfiai részletek
Szerzők: Sabir Fakhara
Katona Gábor
Schelz Zsuzsanna
Sipos Bence
Naveed Muhammad
Zupkó István
Csóka Ildikó
Testületi szerző: Symposium of Young Researchers on Pharmaceutical Technology, Biotechnology and Regulatory Science (4.) (2022) (Szeged)
Dokumentumtípus: Könyv része
Megjelent: 2022
Sorozat:Symposium of Young Researchers on Pharmaceutical Technology, Biotechnology and Regulatory Science 4
Kulcsszavak:Gyógyszertechnológia - előadáskivonat, Biotechnológia - előadáskivonat, Gyógyszerkémia - előadáskivonat
Tárgyszavak:
doi:10.14232/syrptbrs.2022.22

Online Access:http://acta.bibl.u-szeged.hu/74149
LEADER 01344naa a2200289 i 4500
001 acta74149
005 20221108131926.0
008 220119s2022 hu o 1|| eng d
024 7 |a 10.14232/syrptbrs.2022.22  |2 doi 
040 |a SZTE Egyetemi Kiadványok Repozitórium  |b hun 
041 |a eng 
100 1 |a Sabir Fakhara 
245 1 0 |a Lomustine and n-propyl gallate co-encapsulated liposomes for targeting glioblastoma multiforme via intranasal route   |h [elektronikus dokumentum] :  |b ex vivo permeability and in vitro cell line study /  |c  Sabir Fakhara 
260 |c 2022 
300 |a 22 
490 0 |a Symposium of Young Researchers on Pharmaceutical Technology, Biotechnology and Regulatory Science  |v 4 
650 4 |a Orvos- és egészségtudomány 
650 4 |a Általános orvostudomány 
695 |a Gyógyszertechnológia - előadáskivonat, Biotechnológia - előadáskivonat, Gyógyszerkémia - előadáskivonat 
700 0 1 |a Katona Gábor  |e aut 
700 0 1 |a Schelz Zsuzsanna  |e aut 
700 0 1 |a Sipos Bence  |e aut 
700 0 1 |a Naveed Muhammad  |e aut 
700 0 1 |a Zupkó István  |e aut 
700 0 1 |a Csóka Ildikó  |e aut 
710 |a Symposium of Young Researchers on Pharmaceutical Technology, Biotechnology and Regulatory Science (4.) (2022) (Szeged) 
856 4 0 |u http://acta.bibl.u-szeged.hu/74149/1/syrptbrs_2022_022.pdf  |z Dokumentum-elérés